<?xml version="1.0" encoding="UTF-8"?>
<record
    xmlns:xsi="http://www.w3.org/2001/XMLSchema-instance"
    xsi:schemaLocation="http://www.loc.gov/MARC21/slim http://www.loc.gov/standards/marcxml/schema/MARC21slim.xsd"
    xmlns="http://www.loc.gov/MARC21/slim">

  <leader>01267    a2200241   4500</leader>
  <controlfield tag="001">39472</controlfield>
  <controlfield tag="005">20260407155653.0</controlfield>
  <controlfield tag="008">260407a1988    arg                 spa d</controlfield>
  <controlfield tag="003">AR-UNSa-BCEJYS</controlfield>
  <datafield tag="040" ind1=" " ind2=" ">
    <subfield code="a">AR-UNSa-BCEJYS</subfield>
    <subfield code="b">spa</subfield>
    <subfield code="c">AR-UNSa-BCEJYS</subfield>
  </datafield>
  <datafield tag="080" ind1=" " ind2=" ">
    <subfield code="a">659</subfield>
    <subfield code="x">Publicidad y propaganda. Informaci&#xF3;n Relaciones p&#xFA;blicas
</subfield>
  </datafield>
  <datafield tag="245" ind1="1" ind2="0">
    <subfield code="a">Teor&#xED;a y problemas de resultados</subfield>
  </datafield>
  <datafield tag="020" ind1=" " ind2=" ">
    <subfield code="a">968-451-019-5</subfield>
  </datafield>
  <datafield tag="264" ind1=" " ind2="1">
    <subfield code="a">M&#xE9;xico :</subfield>
    <subfield code="b">McGraw-Hill</subfield>
    <subfield code="c">1988</subfield>
  </datafield>
  <datafield tag="300" ind1=" " ind2=" ">
    <subfield code="a">181 p.</subfield>
    <subfield code="c">27 cm.</subfield>
  </datafield>
  <datafield tag="505" ind1=" " ind2=" ">
    <subfield code="a">1. Por que hacer publicidad? - 2. Organizaci&#xF3;n de la publicidad - 3. Publicidad impresa - 4. Radio y televisi&#xF3;n - 5. Publicidad exterior, publicidad movil y publicidad en punto de venta - 6. Publicidad por correo directo - 7.Comportamiento del consumidor y motivaci&#xF3;n - 8. Como encontrar y utilizar un atractivo publicitario - 9. El texto publicitario - 10. Arte publicitario, bocetos y tipograf&#xED;a - 11. Impresi&#xF3;n y producci&#xF3;n - 12. C&#xF3;mo se crea una campa&#xF1;a - 13. Como se prepara y se controla un presupuesto publicitario - 14. Investigaci&#xF3;n publicitaria.</subfield>
  </datafield>
  <datafield tag="942" ind1=" " ind2=" ">
    <subfield code="c">BK</subfield>
  </datafield>
  <datafield tag="590" ind1=" " ind2=" ">
    <subfield code="a">niveau_biblio:m niveau_hierar:0</subfield>
  </datafield>
  <datafield tag="100" ind1="1" ind2=" ">
    <subfield code="a">Holtje, Herbert F.</subfield>
  </datafield>
  <datafield tag="700" ind1="1" ind2=" ">
    <subfield code="a">Sabogal Sabogal, Narciso</subfield>
  </datafield>
  <datafield tag="700" ind1="1" ind2=" ">
    <subfield code="a">Villamizar, Jes&#xFA;s</subfield>
  </datafield>
  <datafield tag="700" ind1="1" ind2=" ">
    <subfield code="a">Palacio Lerma, Anibal</subfield>
  </datafield>
  <datafield tag="999" ind1=" " ind2=" ">
    <subfield code="c">3050</subfield>
    <subfield code="d">3050</subfield>
  </datafield>
  <datafield tag="952" ind1=" " ind2=" ">
    <subfield code="0">0</subfield>
    <subfield code="1">0</subfield>
    <subfield code="4">0</subfield>
    <subfield code="7">0</subfield>
    <subfield code="a">BCEJYS</subfield>
    <subfield code="b">BCEJYS</subfield>
    <subfield code="c">16</subfield>
    <subfield code="d">2026-04-07</subfield>
    <subfield code="l">0</subfield>
    <subfield code="o">659 H758</subfield>
    <subfield code="p">L58754</subfield>
    <subfield code="r">2026-04-07 15:56:53</subfield>
    <subfield code="w">2026-04-07</subfield>
    <subfield code="y">L</subfield>
  </datafield>
  <datafield tag="952" ind1=" " ind2=" ">
    <subfield code="0">0</subfield>
    <subfield code="1">0</subfield>
    <subfield code="4">0</subfield>
    <subfield code="7">0</subfield>
    <subfield code="a">BCEJYS</subfield>
    <subfield code="b">BCEJYS</subfield>
    <subfield code="c">16</subfield>
    <subfield code="d">2026-04-07</subfield>
    <subfield code="l">0</subfield>
    <subfield code="o">659 H758</subfield>
    <subfield code="p">L58753</subfield>
    <subfield code="r">2026-04-07 15:56:53</subfield>
    <subfield code="w">2026-04-07</subfield>
    <subfield code="y">L</subfield>
  </datafield>
</record>
